UM Logo

Pananaw ng mga mag-aaral tungkol sa gramatikang Filipino sa University of Mindanao Digos College/ (Record no. 3061)

MARC details
000 -LEADER
fixed length control field 00655nam a22001697a 4500
008 - FIXED-LENGTH DATA ELEMENTS--GENERAL INFORMATION
fixed length control field 160614b xxu||||| |||| 00| 0 eng d
082 ## - DEWEY DECIMAL CLASSIFICATION NUMBER
Edition number 2011
Classification number UT 0312
Item number Os53
100 ## - MAIN ENTRY--PERSONAL NAME
9 (RLIN) 10214
Personal name Osma, Ethel Grace Joy D.
245 ## - TITLE STATEMENT
Title Pananaw ng mga mag-aaral tungkol sa gramatikang Filipino sa University of Mindanao Digos College/
Statement of responsibility, etc. Ethel Grace Joy D. Osma [and three others].
260 ## - PUBLICATION, DISTRIBUTION, ETC. (IMPRINT)
Place of publication, distribution, etc. Digos City:
Name of publisher, distributor, etc. UMDC
Date of publication, distribution, etc. Oktubre 2011.
300 ## - PHYSICAL DESCRIPTION
Extent 42 pages;
Dimensions 27 cm.
650 #0 - SUBJECT ADDED ENTRY--TOPICAL TERM
9 (RLIN) 10213
Topical term or geographic name as entry element Education
Form subdivision Filipino
General subdivision Undergraduate thesis.
700 ## - ADDED ENTRY--PERSONAL NAME
9 (RLIN) 10210
Personal name Sarmiento, Romnick D.
700 ## - ADDED ENTRY--PERSONAL NAME
9 (RLIN) 10211
Personal name Cavan, Wilfredo S.
Numeration Jr.
700 ## - ADDED ENTRY--PERSONAL NAME
9 (RLIN) 10212
Personal name Lugar, Jeramie M.
942 ## - ADDED ENTRY ELEMENTS (KOHA)
Source of classification or shelving scheme Dewey Decimal Classification
Koha item type Undergraduate Thesis
Holdings
Withdrawn status Lost status Source of classification or shelving scheme Damaged status Not for loan Collection code Home library Current library Date acquired Total Checkouts Full call number Barcode Date last seen Price effective from Koha item type
    Dewey Decimal Classification     Undergraduate Theses UM Digos College - LIC UM Digos College - LIC 06/14/2016   UT 0312 Os53 2011 UT0312 06/14/2016 06/14/2016 Undergraduate Thesis